[Event "CAN-ch U12 Girls"]
[Site "Windsor"]
[Date "2015.07.09"]
[Round "6.89"]
[White "Hadcock, Faith"]
[Black "Wang, Melissa"]
[Result "0-1"]
[WhiteElo "1045"]
[BlackElo "667"]
[PlyCount "68"]
[EventDate "2015.07.06"]
[EventType "swiss"]
[EventRounds "7"]
[EventCountry "CAN"]
[SourceTitle "EXT 2022"]
[Source "ChessBase"]
[SourceDate "2021.10.06"]
[SourceVersion "1"]
[SourceVersionDate "2021.10.06"]
[SourceQuality "1"]

1. e4 e5 2. d3 Nc6 3. Be2 Nf6 4. Nf3 Bc5 5. h4 d6 6. Rh3 Bxh3 7. gxh3 h6 8. Nc3 Nd4 9. Bf1 Nxf3+ 10. Qxf3 0-0 11. a3 a5 12. Be3 Bxe3 13. fxe3 c5 14. h5 d5 15. exd5 Re8 16. Bg2 Ra6 17. e4 Qb6 18. d4 cxd4 19. Ne2 Qxb2 20. Rd1 Qxc2 21. Ng3 Rb6 22. d6 Rxd6 23. Bf1 Rb6 24. Qf2 Qxf2+ 25. Kxf2 Rb2+ 26. Kg1 Rc8 27. h4 Rc3 28. Nh1 Nxh5 29. a4 Ng3 30. Nxg3 Rxg3+ 31. Kh1 Rg4 32. Rd3 Rf2 33. Bh3 Rxe4 34. Bd7 Re1# 0-1